000 00490nab a2200145Ia 4500
003 ES-SlBCS
005 20210601142638.0
008 140529s2007 xxu||||| |||| 00| 0 spa d
041 _aspa
100 1 _aTrenberth, Kevin E.
_9272552
245 0 0 _aOcéanos más cálidos y huracanes más fuertes
_c Kevin E. Trenberth
650 0 4 _aCalentamiento Global
_9128215
773 0 _tInvestigacion y Ciencia (Traducción de: Scientific American)
_gnº. 372, 2007, págs. 14-21
_wRev1650
942 _cAR
999 _c679938
_d679938